Most Streamed Daft Punk Songs - Statistics

General Stats
  • This quiz has been taken 66 times
  • The average score is 10 of 16
Answer Stats
Streams Song % Correct
1,671,331,633 Get Lucky
96%
392,033,734 Around the World
89%
376,312,334 Harder, Better, Faster, Stronger
89%
642,577,474 One More Time
87%
332,046,495 Lose Yourself to Dance
72%
97,876,818 Da Funk
64%
84,111,280 Robot Rock
64%
619,657,839 Instant Crush
62%
152,412,447 Digital Love
60%
142,184,078 Veridis Quo
58%
251,777,872 Something About Us
57%
131,656,009 Give Life Back to Music
42%
138,490,069 Giorgio by Moroder
40%
83,336,793 Face to Face
32%
83,057,330 Voyager
26%
142,924,717 Doin' it Right
17%
No matching quizzes found
Score Distribution
Percent of People with Each Score
Percentile by Number Answered
Your Score History
You have not taken this quiz